|
|
|
|
| LEADER |
00000cas a2200000 a 4500 |
| 001 |
vtls001386541 |
| 003 |
SK-MaSNL |
| 005 |
20260228160156.0 |
| 008 |
200401d18981904xo mr p 0 0b0slo c |
| 022 |
|
|
|a 1337-1258
|
| 035 |
|
|
|a SNK000340705
|
| 040 |
|
|
|a SNK
|b slo
|c SNK
|e AACR2
|
| 041 |
0 |
|
|a slo
|
| 044 |
|
|
|a xo
|c SK
|
| 072 |
|
7 |
|a 330.5+338
|x Národné hospodárstvo a hospodárska politika
|2 konspekt
|
| 072 |
|
7 |
|a 64
|x Domáce hospodárstvo
|2 konspekt
|
| 080 |
|
|
|a 330.5+338
|2 2001
|
| 080 |
|
|
|a 64
|2 2001
|
| 080 |
|
|
|a 050
|2 2001
|
| 080 |
|
|
|a 351.824.5
|2 2001
|
| 080 |
|
|
|a 351.824.1
|2 2001
|
| 210 |
0 |
|
|a Hospod. nov.
|b (Martin)
|
| 222 |
|
0 |
|a Hospodárske noviny
|b (Martin)
|
| 245 |
0 |
0 |
|a Hospodárske noviny
|b časopis pre všetky odvetvia hospodárstva, domáci priemysel, remeslá a národné hospodárstvo
|
| 260 |
|
|
|a Turč. Sv. Martin
|b Peter Kompiš
|c 1898-1904
|
| 260 |
3 |
|
|3 1902-1904
|a Martin
|b Kníhtlačiarsko-účastinársky spolok
|
| 300 |
|
|
|a 5 zv.
|c 30 cm
|
| 310 |
|
|
|a 1x mesačne
|
| 362 |
0 |
|
|a Roč. I, č. 1 (1898)-roč. V, č. 12 (1904)
|
| 500 |
|
|
|a Red. maj. a vyd.: 1898-1904, Peter Kompiš,
|
| 500 |
|
|
|a Tlač. Kníhtlačiarsko-účastinársky spolok v Martine, od č. 12/1900 Teslík a Neuman v Skalici, od č. 1/1900 Jozef Teslík v Skalici, od r. 1902 vyd. a tlač Kníhtlačiarsko-účastinársky spolok v Martine
|
| 500 |
|
|
|a Časopis mal od r. 1900/1901 prílohu Kupecký a priemyselný obzor
|
| 500 |
|
|
|a Vyd.: od r. 1902 Kníhtlačiarsko-účastinársky spolok
|
| 650 |
0 |
0 |
|a národné hospodárstvo
|2 SNKPH
|9 846
|
| 650 |
0 |
0 |
|a hospodárska politika
|2 SNKPH
|9 2279
|
| 650 |
0 |
7 |
|a domáce hospodárstvo
|2 SNKPH
|9 2073
|
| 650 |
0 |
7 |
|a obchod
|2 SNKPH
|9 2198
|
| 650 |
0 |
7 |
|a priemysel
|2 SNKPH
|9 1618
|
| 655 |
|
7 |
|a odborné časopisy
|2 SNKPH
|9 70505
|
| 700 |
1 |
|
|a Kompiš, Peter,
|d 1886-1945
|4 red
|9 89921
|
| 770 |
|
|
|t Kupecký a priemyselný obzor
|w vtls001321563
|
| 910 |
|
|
|a snk
|
| 916 |
|
|
|a 1898-1904
|
| 999 |
|
|
|c 1807
|d 3737
|
| 952 |
|
|
|0 0
|1 0
|4 0
|7 0
|a SNK
|b SNK
|d 2000-04-05
|f 1
|i snk1931/27
|l 0
|o snkČSB 30/1/1898-99
|p 17A0233402
|r 2005-01-02 00:00:00
|t č. 1-12
|w 2026-02-21
|y PREZ
|
| 952 |
|
|
|0 0
|1 0
|4 0
|7 0
|a SNK
|b SNK
|d 2002-02-06
|f 1
|i snk19/29
|l 0
|o snkČSB 30/2/1900-01
|p 17A0330834
|r 2005-01-02 00:00:00
|t č. 1-6, neúplné
|w 2026-02-21
|y PREZ
|z chýba č. 2
|
| 952 |
|
|
|0 0
|1 0
|4 0
|7 0
|a SNK
|b SNK
|d 2002-02-06
|f 1
|i snk1932/27
|l 0
|o snkČSB 30/3/1902
|p 17A0330802
|r 2005-01-02 00:00:00
|t č. 1-12
|w 2026-02-21
|y PREZ
|
| 952 |
|
|
|0 0
|1 0
|4 0
|7 0
|a SNK
|b SNK
|d 2002-02-06
|f 1
|i snk24/33
|l 0
|o snkČSB 30/4/1903
|p 17A0330875
|r 2005-01-02 00:00:00
|t č. 1-12
|w 2026-02-21
|y PREZ
|
| 952 |
|
|
|0 0
|1 0
|4 0
|7 0
|a SNK
|b SNK
|d 2002-02-06
|f 1
|i snk1934/27
|l 0
|o snkČSB 30/5/1904
|p 17A0330836
|r 2005-01-02 00:00:00
|t č. 1-12
|w 2026-02-21
|y PREZ
|
| 952 |
|
|
|0 0
|1 0
|4 0
|7 0
|8 5
|a SNK
|b SNK
|d 2012-02-20
|i snkČSF 191/56
|l 0
|o snkČSB 30/5/1904 D1
|p 17A0887319
|r 2026-02-21 20:17:33
|t č. 1-12
|w 2026-02-21
|y PREZ
|
| 952 |
|
|
|0 0
|1 0
|4 0
|7 0
|8 5
|a SNK
|b SNK
|d 2012-12-03
|i snkČSF 190/56
|l 0
|o snkČSB 30/4/1903 D1
|p 17A1053773
|r 2026-02-21 21:13:13
|t č. 1-12
|w 2026-02-21
|y PREZ
|
| 952 |
|
|
|0 0
|1 0
|4 0
|7 0
|8 5
|a SNK
|b SNK
|d 2012-12-03
|i snkČSF 189/56
|l 0
|o snkČSB 30/3/1902 D1
|p 17A1053780
|r 2026-02-21 21:13:14
|t č. 1-12
|w 2026-02-21
|y PREZ
|
| 952 |
|
|
|0 0
|1 0
|3 chýba č. 2;
|4 0
|7 0
|8 5
|a SNK
|b SNK
|d 2012-12-03
|i snkF 6235/78
|l 0
|o snkČSB 30/2/1900/1901 D1
|p 17A1053779
|r 2026-02-21 21:13:14
|t č. 1-6, neúplné
|w 2026-02-21
|y PREZ
|z chýba č. 2;
|
| 952 |
|
|
|0 0
|1 0
|4 0
|7 0
|8 5
|a SNK
|b SNK
|d 2012-12-03
|i snkČSF 188/57
|l 0
|o snkČSB 30/1/1898-99 D1
|p 17A1053787
|r 2026-02-21 21:13:14
|t č. 1-12
|w 2026-02-21
|y PREZ
|
| 952 |
|
|
|0 0
|1 0
|4 0
|7 0
|8 5
|a SNK
|b SNK
|d 2014-07-04
|i snkF 1620/68
|l 0
|o snkČSB 30/5/1904 D2
|p 17A0844244
|r 2026-02-21 21:25:12
|t č. 1-12
|w 2026-02-21
|y PREZ
|